Statistics for U.S. Geography by Letter - G

Click here to take the quiz!

General Stats

  • This quiz has been taken 172 times
  • The average score is 12 of 20

Answer Stats

HintAnswer% Correct
Famous bridge of San FranciscoGolden Gate
99%
"The Peach State"Georgia
98%
Michigan, Erie, Superior,
Huron, and Ontario
Great Lakes
98%
Mile-deep gorge in ArizonaGrand Canyon
93%
Elvis's mansionGraceland
92%
Pennsylvania Civil War battlegroundGettysburg
86%
Nickname of New Jersey{Garden} State
68%
The vast flat area in the middle
of North America
Great Plains
66%
Michael Jackson's hometownGary
59%
City hit by a hurricane in 1900Galveston
57%
Famous St. Louis landmarkGateway Arch
54%
Bridge connecting Manhattan
and New Jersey
George
Washington
54%
Second biggest city in MichiganGrand Rapids
50%
Posh DC neighborhoodGeorgetown
48%
National park in northern MontanaGlacier
48%
World's largest species of treeGiant Sequoia
41%
Nickname of New Hampshire{Granite} State
37%
Nickname of Idaho{Gem} State
35%
Mississippi's biggest coastal cityGulfport
34%
Most-visited National Park
in the United States
Great Smoky
Mountains
33%

Score Distribution

Percentile by Number Answered

Percent of People with Each Score

Your Score History

You have not taken this quiz